Reaction kinetics for chemical engineers (Record no. 12493)

000 -LEADER
fixed length control field 00585nam a22002051 4500
001 - CONTROL NUMBER
control field 12493
003 - CONTROL NUMBER IDENTIFIER
control field BD-DhUET
008 - FIXED-LENGTH DATA ELEMENTS--GENERAL INFORMATION
fixed length control field 720413s1959 nyua b 000 0 eng
040 ## - CATALOGING SOURCE
Original cataloging agency DLC
Transcribing agency DLC
Modifying agency BD-DhUET
082 ## - DEWEY DECIMAL CLASSIFICATION NUMBER
Classification number 660.2994
Item number WAL/1959
100 1# - MAIN ENTRY--PERSONAL NAME
Personal name Walas, Stanley M.
245 10 - TITLE STATEMENT
Title Reaction kinetics for chemical engineers
250 ## - EDITION STATEMENT
Edition statement 1st ed.
260 ## - PUBLICATION, DISTRIBUTION, ETC. (IMPRINT)
Place of publication, distribution, etc. New York
Name of publisher, distributor, etc. McGraw-Hill
Date of publication, distribution, etc. 1959
300 ## - PHYSICAL DESCRIPTION
Extent 338 p.
Other physical details ill.
490 ## - SERIES STATEMENT
Series statement McGraw - Hill chemical engineering series
504 ## - BIBLIOGRAPHY, ETC. NOTE
Bibliography, etc Includes bibliographies
650 #0 - SUBJECT ADDED ENTRY--TOPICAL TERM
Topical term or geographic name as entry element Kinetics : Reactions : Chemical Engineering
942 ## - ADDED ENTRY ELEMENTS (KOHA)
Koha item type General Book
Holdings
Koha full call number Source of classification or shelving scheme Lost status Copy number Koha date last seen Sublocation or collection (holding branch) Damaged status Koha item type Price effective from Location (home branch) Shelving location Withdrawn status Koha normalized classification for sorting Piece designation (barcode) Date acquired Not for loan
660.2994/WAL/1959  12015-02-26Central Library, BUET General Book2015-02-26Central Library, BUETCirculation section 660_299400000000000_WAL_1959260732015-02-26 
660.2994/WAL/1959  22015-03-01Central Library, BUET General Book2015-03-01Central Library, BUETCirculation section 660_299400000000000_WAL_1959298822015-03-01 
660.2994/WAL/1959  32015-03-31Central Library, BUET General Book2015-03-31Central Library, BUETCirculation section 660_299400000000000_WAL_1959298782015-03-31 
660.2994/WAL/1959  42015-03-31Central Library, BUET General Book2015-03-31Central Library, BUETCirculation section 660_299400000000000_WAL_1959298752015-03-31 
660.2994/WAL/1959  52015-03-31Central Library, BUET General Book2015-03-31Central Library, BUETCirculation section 660_299400000000000_WAL_1959258932015-03-31 
660.2994/WAL/1959  62015-04-04Central Library, BUET General Book2015-04-04Central Library, BUETCirculation section 660_299400000000000_WAL_195921142015-04-04 
660.2994/WAL/1959  72015-04-07Central Library, BUET General Book2015-04-07Central Library, BUETCirculation section 660_299400000000000_WAL_1959298742015-04-07 
660.2994/WAL/1959  82015-06-18Central Library, BUET Reading Item2015-06-18Central Library, BUETReading section 660_299400000000000_WAL_1959298812015-06-18 
660.2994/WAL/1959  92015-06-18Central Library, BUET Reading Item2015-06-18Central Library, BUETReading section 660_299400000000000_WAL_1959298792015-06-18 
660.2994/WAL/1959  102015-06-18Central Library, BUET Reading Item2015-06-18Central Library, BUETReading section 660_299400000000000_WAL_195978992015-06-18 
660.2994/WAL/1959  112015-06-18Central Library, BUET Reading Item2015-06-18Central Library, BUETReading section 660_299400000000000_WAL_195979002015-06-18 
660.2994/WAL/1959  122015-06-28Central Library, BUET Reading Item2015-06-28Central Library, BUETReading section 660_299400000000000_WAL_1959298802015-06-28 
660.2994/WAL/1959  132015-06-28Central Library, BUET Reading Item2015-06-28Central Library, BUETReading section 660_299400000000000_WAL_1959298762015-06-28